KUYTU H5 16 (Record no. 1117294)

MARC details
000 -LEADER
sabit uzunluktaki kontrol alanı 00236nam a2200097Ia 4500
001 - KONTROL NUMARASI
kontrol alanı 1117294
005 - EN SON İŞLEMİN TARİH VE ZAMANI
kontrol alanı 20250827004103.0
008 - SABİT-UZUNLUKTA VERİ ÖĞELERİ--GENEL BİLGİ
sabit uzunluktaki kontrol alanı 250824s9999 xx 000 0 und d
245 #0 - ESER / YAZAR
ESER ADI KUYTU H5 16
Yazar Adı MURAT TAVLI
260 ## - YAYIN, DAĞITIM, VB.
YAYIN EVİ DESTEK YAYINLARI
Holdings
Düşüm durumu Kayıp durumu Hasar Durumu Ödünç verilmez Ana kütüphane Geçerli Kütüphane Edinilen tarih Toplam ödünç verme sayısı Barkod Son görüntüleme tarihi Son ödünç verme tarihi Fiyatın geçerli olmaya başladığı tarih Koha materyal türü
        MEHMET ZAHİD KOTKU KIZ ANADOLU İMAM HATİP LİSESİ MEHMET ZAHİD KOTKU KIZ ANADOLU İMAM HATİP LİSESİ 24.08.2025 1 10931834 23.03.2026 12.03.2026 27.08.2025 Books